000 01132cam a22001934a 4500
005 20250605164038.0
008 250528s ||||||||||||||||||||||||d
035 _a16893
020 _a9602861495
040 _aGR-AtMCL
_bgre
_dGR-AtMCL
_eAACR2
245 1 _aΑεροπορικό Μάρκετινγκ
260 _bΈλλην,
_c1995
300 _a272
520 _aΤι είναι το Μάρκετινγκ, Έρευνα Αγοράς, Το Περιβάλλον του Μάρκετινγκ, Τομεοποίηση της Αγοράς, Το Αεροπορικό Προϊόν, Έξοδα Λειτουργίας Αεροσκάφους και Δυνατότητα Κέρδους, Σχεδιασμός Προγράμματος Πτήσεων, Τιμολόγηση, Διευθέτηση της Απόδοσης, Το Μείγμα Προώθησης, Διανομή του Προϊόντος, Σχεδιασμός Μάρκετινγκ, Έλεγχος Αποτελεσματικότητας του Μάρκετινγκ.
700 1 _aΠριντεζής Γεώργιος
_92985
942 _cBK
999 _c2343
_d2343